Central Library OPAC University of Rajshahi

سىرۃ النعمان : ىعنى امام اعظم ابو حنىفہ علیہ رحمۃ کى سوانح عمرى / Sīrat al-Nu'mān : yaʻnī Imām Aʻz̤am Abū Ḥanīfah ʻalaih raḥmatah kī savāniḥ ʻumrī / (Record no. 86221)

MARC details
000 -LEADER
fixed length control field 00821nam a22002057a 4500
001 - CONTROL NUMBER
control field 86221
003 - CONTROL NUMBER IDENTIFIER
rucl marc code BD-RjUL
005 - DATE AND TIME OF LATEST TRANSACTION
control field 20260226100424.0
008 - FIXED-LENGTH DATA ELEMENTS--GENERAL INFORMATION
fixed length control field 260226s1893 ii ||||| |||| 00| 0 urd d
035 ## - SYSTEM CONTROL NUMBER
System control number (BD-RjUL)86221
040 ## - CATALOGING SOURCE
Original cataloging agency BD-RjUL
Language of cataloging eng
Transcribing agency BD-RjUL
041 ## - LANGUAGE CODE
Language code of text/sound track or separate title urd
082 ## - DEWEY DECIMAL CLASSIFICATION NUMBER
Edition number 23
Classification number 297..092
Author mark and year NUS 195?
100 ## - MAIN ENTRY--PERSONAL NAME
Personal name نعمانى., شبلى Nuʻmānī., Shiblī
Dates associated with a name 1857-1914
9 (RLIN) 17806
245 ## - TITLE STATEMENT
Title سىرۃ النعمان : ىعنى امام اعظم ابو حنىفہ علیہ رحمۃ کى سوانح عمرى / Sīrat al-Nu'mān : yaʻnī Imām Aʻz̤am Abū Ḥanīfah ʻalaih raḥmatah kī savāniḥ ʻumrī /
Statement of responsibility, etc. مولانا شبلی نعمانى.Shiblī Nuʻmānī.,
260 ## - PUBLICATION, DISTRIBUTION, ETC. (IMPRINT)
Place of publication, distribution, etc. Lahore :
Date of publication, distribution, etc. 195??
300 ## - PHYSICAL DESCRIPTION
Pagination 398 p. ;
Size 17 cm
650 ## - SUBJECT ADDED ENTRY--TOPICAL TERM
Topical term or geographic name as entry element فقہ اسلامی (حنفی)
9 (RLIN) 17807
942 ## - ADDED ENTRY ELEMENTS (KOHA)
Source of classification or shelving scheme Dewey Decimal Classification
Koha item type Books
Holdings
Lost status Source of classification or shelving scheme Damaged status Not for loan Collection code Permanent Location Current Location Shelving location Date acquired Full call number Date last seen Copy number Koha item type
  Dewey Decimal Classification   Not For Loan Non-fiction Central Library, University of Rajshahi Central Library, University of Rajshahi Reading Room 26/02/2026 U 297.382 NUS 195? 26/02/2026 C-1 Books